000
00323nam a22001337a 4500
020
_a
81-7214-712-0
082
_a
291 AMA
100
_a
Amaladoss, Michael S. J.
245
_a
Making Harmony: Living in a Pluralistic World
260
_a
Delhi
_b
ISPCK
_c
2003
300
_a
186
650
_a
Comparative Religion
942
_c
BK
999
_c
20770
_d
20770